Expanding horizons in chemical engineering, National Conference on Chemical Engineering, Newcastle, 22-24 August 1979 : preprints of papers /
Zapisane w:
| organizacja autorów: | , , |
|---|---|
| Format: | Materiały konferencyjne Książka |
| Język: | English |
| Wydane: |
Barton, A.C.T. :
Institution of Engineers, Australia,
1979.
|
| Seria: | Chemeca ;
7th ('79) National conference publication (Institution of Engineers, Australia) ; no.79/8. |
| Hasła przedmiotowe: |
| LEADER | 01572cam a2200325 a 4500 | ||
|---|---|---|---|
| 001 | c000259340 | ||
| 003 | CARM | ||
| 005 | 20070424152604.0 | ||
| 008 | 790830s1979 at a b 101 0 eng d | ||
| 019 | 1 | |a 12417754 |z 1660830 |5 LACONCORD2021 | |
| 020 | |a 0858251167 : |c price unknown | ||
| 035 | |a (OCoLC)29010356 |5 LACONCORD2021 | ||
| 040 | |a ANB |b eng |c ANB |d NU | ||
| 042 | |a anuc | ||
| 082 | 0 | 4 | |a 660.2 |
| 111 | 2 | |a National Conference on Chemical Engineering |n (7th : |d 1979 : |c Newcastle, N.S.W.) | |
| 245 | 1 | 0 | |a Expanding horizons in chemical engineering, National Conference on Chemical Engineering, Newcastle, 22-24 August 1979 : |b preprints of papers / |c organised by the Newcastle Chemical Engineering Group on behalf of the Institution of Engineers, Australia. |
| 246 | 3 | |a Chemeca 79 | |
| 260 | |a Barton, A.C.T. : |b Institution of Engineers, Australia, |c 1979. | ||
| 300 | |a 241 p. : |b ill., diagrs., graphs ; |c 30 cm. | ||
| 440 | 0 | |a Chemeca ; |v 7th ('79) | |
| 490 | 1 | |a National conference publication ; |v no.79/8 | |
| 504 | |a Includes bibliographical references and index. | ||
| 610 | 2 | 0 | |a Chemical Engineering. |v Congresses. |
| 710 | 2 | |a Institution of Engineers, Australia. | |
| 710 | 2 | |a Newcastle Chemical Engineering Group (N.S.W.) | |
| 830 | 0 | |a National conference publication (Institution of Engineers, Australia) ; |v no.79/8. | |
| 852 | 8 | |b CARM |h A1:AP21F0 |i F01944 |p 0313102 |f BK | |
| 999 | f | f | |i 96ab6647-f5c4-5767-9b9f-52481d8cc214 |s f6f6326f-e425-507f-9f29-72557fb7adda |
| 952 | f | f | |p Can circulate |a CAVAL |b CAVAL |c CAVAL |d CARM 1 Store |e F01944 |f A1:AP21F0 |h Other scheme |i book |m 0313102 |